| 000 | 00692nam a2200217 a 4500 | ||
|---|---|---|---|
| 999 |
_c3460 _d3460 |
||
| 001 | 3460 | ||
| 003 | BD-JhCC | ||
| 005 | 20171119095122.0 | ||
| 008 | 171113s1972 bg |||| ||a| 000 0 ben d | ||
| 035 | _a(BD-JhCC)3460 | ||
| 040 |
_aBD-JhCC _dBD-JhCC |
||
| 041 | _aben | ||
| 082 |
_a891.442 _bROY 1972 |
||
| 100 | _aরায়, দ্বিজেন্দ্রলাল | ||
| 245 |
_aপুনর্জন্ম : _bপ্রহসন / _cদ্বিজেন্দ্রলাল রায়, |
||
| 260 |
_aঢাকা : _bমুক্তধারা প্রকাশনী, _c1972 |
||
| 300 |
_a32 p. : _c20 cm. |
||
| 650 | _aBengali Drama | ||
| 942 |
_2ddc _cBK |
||